000 00300nam a2200109Ia 4500
008 200302s9999 xx 000 0 und d
100 _aClive Thomas Cain
245 _aPerformance Measurement For Construction Profitability(Usd 120)
260 _bBlackwell Publishing
260 _c2004
300 _a214 P
999 _c4801
_d4801